|
|
|
|
| LEADER |
00818nab a2200229 i 4500 |
| 001 |
publ8073 |
| 005 |
20190403100931.0 |
| 008 |
161219s2015 hu o 0|| angol d |
| 022 |
|
|
|a 0378-5173
|
| 024 |
7 |
|
|a 10.1016/j.ijpharm.2014.11.021
|2 doi
|
| 024 |
7 |
|
|a 2805644
|2 mtmt
|
| 040 |
|
|
|a SZTE Publicatio Repozitórium
|b hun
|
| 041 |
|
|
|a angol
|
| 100 |
1 |
|
|a Tari Tímea
|
| 245 |
1 |
0 |
|a Reduction of glycine particle size by impinging jet crystallization
|h [elektronikus dokumentum] /
|c Tari Tímea
|
| 260 |
|
|
|c 2015
|
| 300 |
|
|
|a 96-102
|
| 490 |
0 |
|
|a INTERNATIONAL JOURNAL OF PHARMACEUTICS
|v 478 No. 1
|
| 700 |
0 |
1 |
|a Fekete Zoltán
|e aut
|
| 700 |
0 |
1 |
|a Révész Piroska
|e aut
|
| 700 |
0 |
1 |
|a Aigner Zoltán
|e aut
|
| 856 |
4 |
0 |
|u http://publicatio.bibl.u-szeged.hu/8073/1/T.%20Tari%20-%20Impinging%20jet%20-%20publisher.pdf
|z Dokumentum-elérés
|